| 000 | 00947nam a2200265I 4500 | ||
|---|---|---|---|
| 001 | 2565 | ||
| 003 | BD-RjUL | ||
| 005 | 20211208233600.0 | ||
| 008 | 131212s1963ja 1 eng d | ||
| 035 | _a(BD-RjUL)2592 | ||
| 040 |
_cCWR _dm.c. _dBOS _aBD-RjUL _beng |
||
| 041 | _aeng | ||
| 082 |
_220 _a345.20418 _bBEP |
||
| 090 |
_aHD8726.5 _bF63 |
||
| 100 | 1 |
_aBennett, John William, _d1915- _98284 |
|
| 245 | 1 | 0 |
_aPaternalism in the Japanese economy : _banthropological studies of oyabun-kobun patterns / _cJohn W. Bennett and Iwao Ishino. |
| 260 |
_aMinneapolis : _bUniversity of Minnesota Press, _cc1963. |
||
| 300 |
_ax, 307 p. ; _c24 cm. |
||
| 500 | _a"Based on the work of the Public Opinion and Sociological Research Division of the Japan occupation." | ||
| 504 | _aBibliography: p.296-299. | ||
| 650 | 0 |
_aIndustrial relations _zJapan. _97671 |
|
| 700 | 1 |
_aIshino, Iwao, _d1921- _ejoint author. _98285 |
|
| 942 |
_2ddc _cBK |
||
| 999 |
_c2565 _d2565 |
||